Porovnanie výsledkov modelovania riečnej siete na základe digitálneho modelu reliéfu s rôznymi hodnotami rozlíšenia

Gespeichert in:
Bibliographische Detailangaben
1. Verfasser: Dubnicay, Nikolaj Ľubor (Verfasst von)
Weitere Verfasser: Yakshin, Nikita (Betreuung Doktorarbeit)
Format: Manuskript Buch
Sprache:Slowakisch
Veröffentlicht: 2025
Schlagworte:
Online-Zugang:http://is.stuba.sk/zp/portal_zp.pl?podrobnosti=167336
https://opac.crzp.sk/?fn=detailBiblioForm&sid=C9A1C75A261DD259FE88411E26A3
Tags: Tag hinzufügen
Keine Tags, Fügen Sie das erste Tag hinzu!

MARC

LEADER 00000ntm a22000003a 4500
001 stuzp104310
003 SK-STU
005 20250722142835.4
007 ta
008 150427s2015----xo-----f-mn---000-0-slo-d
040 |a STU  |b slo 
041 0 |a slo 
100 1 |a Dubnicay, Nikolaj Ľubor  |u 010130  |4 aut  |U SvF Stavebná fakulta  |T SvF Katedra globálnej geodézie a geoinformatiky  |X 114718  |U V130  |Y 13  |7 114718 
242 0 1 |a Comparison of river network modeling results based on digital elevation models with different resolution values  |y eng 
245 1 0 |a Porovnanie výsledkov modelovania riečnej siete na základe digitálneho modelu reliéfu s rôznymi hodnotami rozlíšenia 
260 |c 2025 
650 4 |a GIS  |2 slo 
650 4 |a LiDAR  |2 slo 
650 4 |a LLS  |2 slo 
650 4 |a DMR  |2 slo 
650 4 |a ArcGIS Pro  |2 slo 
650 4 |a FAT  |2 slo 
650 4 |a fitness index  |2 slo 
650 4 |a CLC  |2 slo 
650 4 |a ALS  |2 eng 
650 4 |a GIS  |2 eng 
650 4 |a LiDAR  |2 eng 
650 4 |a DEM  |2 eng 
650 4 |a ArcGIS Pro  |2 eng 
650 4 |a FAT  |2 eng 
650 4 |a fitness index  |2 eng 
650 4 |a CLC  |2 eng 
700 1 |a Yakshin, Nikita  |u 010130  |k Z3  |4 ths  |U SvF Stavebná fakulta  |T SvF Katedra globálnej geodézie a geoinformatiky  |X 108178  |U V130  |Y 13  |7 108178 
856 4 |u http://is.stuba.sk/zp/portal_zp.pl?podrobnosti=167336 
856 4 |u https://opac.crzp.sk/?fn=detailBiblioForm&sid=C9A1C75A261DD259FE88411E26A3